Statistiques concernant pokemon type dragon 1 à 7 G

Cliquez ici pour prendre le quiz!

Statistiques générales

  • Ce quiz a été pris 55 fois
  • Le résultat moyen est 39 sur 45

Statistiques - réponses

HintRéponse% Correct
148dragondraco
100%
149dragon/voldracolosse
100%
147dragonminidraco
100%
445dragon/solcarchacrok
98%
444dragon/solcarmache
98%
371dragondraby
98%
621dragondrakkarmin
98%
373dragon/voldrattak
98%
443dragon/solgriknot
98%
633dragon/ténèbresolochi
98%
483dragon/acierdialga
96%
487dragon/spectregiratina
96%
330dragon/sollibegon
96%
484dragon/eaupalkia
96%
610dragoncoupenotte
93%
634dragon/ténèbrediamat
93%
372dragondrackhaus
93%
230dragon/eauhyporoi
93%
646dragon/glacekyurem
93%
384dragon/volrayquaza
93%
643dragon/feureshiram
93%
612dragontranchodon
93%
635dragon/ténèbretrioxhydre
93%
329dragon/solvibraninf
93%
644dragon/electrikzekrom
93%
334dragon/volaltaria
91%
380dragon/psylatias
91%
381dragon/psylatios
91%
611dragonincisache
89%
705dragoncolimucus
80%
784dragon/combatekaiser
80%
691dragon/poisonkravarech
80%
704dragonmucuscule
80%
718dragon/solzygarde
80%
715dragon/volbruyverne
78%
697dragon/rocherexillius
78%
782dragonbebecaille
76%
696dragon/rocheptyranidur
76%
776dragon/feuboumata
73%
780dragon/normaldraieul
73%
783dragon/combatecaid
73%
714dragon/volsonistrelle
73%
799dragon/ténèbreengloutyran
64%
804dragon/poisonmandrillon
58%
706dragonmuplomucus
20%

Distribution des résultats

Percentile par nombre de réponses

% des personnes avec chaque résultat

Votre développement - résultats

Vous n’avez pas pris ce quiz